Cambridge Practice Test for Bec 1 Level one. Business English Certificate
Gồm những bài luyện thi chương trình BEC 1, mỗi bài đề có phần thi các kỹ năng: nghe, nói, đọc, viết
Wedi'i Gadw mewn:
| Prif Awdur: | |
|---|---|
| Awduron Eraill: | |
| Fformat: | Llyfr |
| Iaith: | Vietnamese |
| Cyhoeddwyd: |
Tp. Hồ Chí Minh
Nxb. Trẻ
2001
|
| Cyfres: | Chương trình luyện thi BEC
|
| Pynciau: | |
| Tagiau: |
Ychwanegu Tag
Dim Tagiau, Byddwch y cyntaf i dagio'r cofnod hwn!
|
| Thư viện lưu trữ: | Mạng thư viện Đại học Đà Nẵng |
|---|
| LEADER | 01454nam a2200361 4500 | ||
|---|---|---|---|
| 001 | 000009585 | ||
| 003 | 5782 | ||
| 005 | 20120727150749.0 | ||
| 008 | 111031s2001 viesd | ||
| 020 | |c 16000đ | ||
| 041 | 0 | |a vie | |
| 082 | |a 428.24076 |b AL-J | ||
| 100 | 1 | |a Allsop, Jake |e Tác giả | |
| 245 | 0 | |a Cambridge Practice Test for Bec 1 |b Level one. Business English Certificate |c Jake Allsop, Patricia Aspinall ; Ban biên dịch: First news ; Chú giải: Nguyễn Văn Phước | |
| 260 | |a Tp. Hồ Chí Minh |b Nxb. Trẻ |c 2001 | ||
| 300 | |a 123 tr. |c 21 cm | ||
| 490 | |a Chương trình luyện thi BEC | ||
| 500 | |a Tên sách ngoài bìa: Practice tests for the Cambridge Business English Certificate | ||
| 520 | |a Gồm những bài luyện thi chương trình BEC 1, mỗi bài đề có phần thi các kỹ năng: nghe, nói, đọc, viết | ||
| 653 | |a Tiếng Anh | ||
| 653 | |a Sách luyện thi | ||
| 700 | |a Aspinall, Patricia |e Tác giả | ||
| 910 | |a duyên | ||
| OWN | |a LSP | ||
| AVA | |a UDN50 |b LSP |d 428.24076 AL-J |e available |t Error 5001 Not defined in file expand_doc_bib_avail. |f 6 |g 0 |h N |i 0 |k 1 | ||
| 999 | |a From the UDN01 | ||
| AVA | |a UDN50 |b LSP |d 428.24076 AL-J |e available |t Error 5001 Not defined in file expand_doc_bib_avail. |f 6 |g 0 |h N |i 0 |k 1 | ||
| TYP | |a Monograph | ||
| TYP | |a Printed language | ||
| 980 | |a Mạng thư viện Đại học Đà Nẵng | ||